Score 0/12 Timer 01:00
0 Plays Today
% Correct
Sting
98.2%
Anduril
91.7%
Glamdring
89.5%
Narsil
88%
Palantiri
82.3%
Orcrist
81.2%
Light of Earendil
80.3%
Arkenstone
75.3%
Nenya
70%
Vilya
69.5%
Narya
62.3%
Herugrim
62.2%
Remove Ads.
Support Sporcle.
Get the best of Sporcle when you Go Orange. This ad-free experience offers more features, more stats, and more fun while also helping to support Sporcle. Thank you for becoming a member.

You're not logged in!

Compare scores with friends on all Sporcle quizzes.
OR
Log In

Show Comments

Extras

Top Quizzes Today


Score Distribution

Your Account Isn't Verified!

In order to create a playlist on Sporcle, you need to verify the email address you used during registration. Go to your Sporcle Settings to finish the process.

Report this User

Report this user for behavior that violates our Community Guidelines.

Details: